000 00316nam a2200121Ia 4500
008 190216s9999||||xx |||||||||||||| ||und||
100 _aDr.Jamanals Bayathi
245 0 _aHindi-Siksha Prasasan Aevm Prabandh Ka Adhunika Sidhanth
260 _bVindya Sahithya
_c1994
300 _a332
650 _aHindi
942 _cBK
999 _c16707
_d16707